All One Piece Arcs - Statistics

General Stats
  • This quiz has been taken 396 times
    358 since last reset
  • The average score is 25 of 32
Answer Stats
Hint Answer % Correct
Post-Timeskip Wano Country
91%
Pre-Timeskip Alabasta
89%
Post-Timeskip Egghead
87%
Pre-Timeskip Arlong Park
86%
Pre-Timeskip Marineford
85%
Pre-Timeskip Water 7
85%
Pre-Timeskip Baratie
83%
Post-Timeskip Dressrosa
83%
Post-Timeskip Whole Cake Island
83%
Post-Timeskip Fish-Man Island
82%
Pre-Timeskip Enies Lobby
81%
Pre-Timeskip Skypiea
81%
Pre-Timeskip Orange Town
80%
Pre-Timeskip Romance Dawn
79%
Pre-Timeskip Thriller Bark
79%
Pre-Timeskip Impel Down
78%
Pre-Timeskip Sabaody Archipelago
78%
Post-Timeskip Zou
77%
Pre-Timeskip Drum Island
76%
Post-Timeskip Punk Hazard
75%
Pre-Timeskip Syrup Village
75%
Pre-Timeskip Little Garden
74%
Pre-Timeskip Loguetown
74%
Pre-Timeskip Reverse Mountain
73%
Pre-Timeskip Amazon Lily
72%
Pre-Timeskip Jaya
72%
Pre-Timeskip Long Ring Long Land
69%
Pre-Timeskip Post-War
67%
Post-Timeskip Return To Sabaody
66%
Pre-Timeskip Whiskey Peak
62%
Post-Timeskip Levely
60%
Pre-Timeskip Post-Enies Lobby
60%
No matching quizzes found
Score Distribution
Percent of People with Each Score
Percentile by Number Answered
Your Score History
You have not taken this quiz since the last reset